Pays qui contiennent la lettre TT+ - Statistiques

Statistiques générales
  • Ce quiz a été pris 169 fois
  • Le résultat moyen est 6 sur 12
Statistiques - réponses
Indice Pays % Correct
2 x T Turkménistan
74%
2 x T Tadjikistan
69%
4 x T Trinité-et-Tobago
69%
3 x T Saint-Vincent-et-les-Grenadines
61%
3 x T Saint-Christophe-et-Niévès
60%
2 x T États-Unis
56%
2 x T Lettonie
53%
2 x T Liechtenstein
35%
2 x T Timor Oriental
29%
2 x T Sao Tomé-et-Principe
28%
2 x T Antigua-et-Barbuda
24%
2 x T États Fédérés de Micronésie
23%
Aucun quiz correspondant
Distribution des résultats
% des personnes avec chaque résultat
Percentile par nombre de réponses
Votre historique - résultats
Vous n’avez pas pris ce quiz